|
|
|
|
| LEADER |
01271nam a2200277 a 4500 |
| 001 |
14532290 |
| 003 |
BD-DhAAL |
| 008 |
090722s2005 bg a bs i000 0 eng d |
| 010 |
|
|
|a 2006561707
|
| 040 |
|
|
|a DLC
|c DLC
|
| 082 |
0 |
0 |
|a 362.1095492
|2 22
|
| 245 |
0 |
0 |
|a Comparative advantages of public and private health care providers in Bangladesh.
|
| 260 |
|
|
|a [Dhaka] :
|b World Bank Office, Dhaka,
|c 2005.
|
| 300 |
|
|
|a vi, 122 pages :
|b illustrations ;
|c 29 cm.
|
| 490 |
0 |
|
|a Bangladesh development series ;
|v paper no. 4
|
| 500 |
|
|
|a "Document of the World Bank."
|
| 500 |
|
|
|a Includes statistical tables.
|
| 504 |
|
|
|a Includes bibliographical references (p. 77).
|
| 526 |
|
|
|x Salim khan
Sr. program Associate
James P. Grant School.
Course name and no. N/A
|
| 541 |
1 |
|
|a A H Development publishing house
|e 00018469
|
| 650 |
|
0 |
|a Medical care
|z Bangladesh.
|
| 710 |
2 |
|
|a World Bank.
|b Bangladesh Dhaka Office.
|
| 852 |
4 |
|
|a SPH
|j General Shelf.
|
| 942 |
|
|
|2 ddc
|c BK
|
| 999 |
|
|
|c 2689
|d 2689
|
| 952 |
|
|
|0 0
|1 0
|2 ddc
|4 0
|6 362_109549200000000_COM
|7 0
|9 2470
|a JPGSPH
|b JPGSPH
|d 2009-04-29
|e A H Development Publishing House.
|g 7800.00
|l 0
|o 362.1095492 COM
|p 3060018469
|r 2009-07-22
|t 1
|w 2009-07-22
|y BK
|x Requisitioned by Salim khan, Sr. program Associate, James P. Grant School. Course name and no. N/A
|